000 00701nam a22002417a 4500
003 UA-OsUOA
001 49744
007 ta
008 20140122b un ||||| |||| 00| 0 ukr d
100 _aБорщак І.
090 _a94(477)
_bБ83
942 _cBK
040 _aUA-OsUOA
_bukr
_cUA-OsUOA
_dUA-OsUOA
245 _aУкраїна в літературі Західної Європи
300 _a365 с.
955 _a1
041 _aukr
080 _a94(477)
260 _aК.
_c2000
650 7 _a9 Географія. Біографії. Історія
_2UDC
999 _c429867
_d429867